British Political Figures by Picture - Statistics

General Stats
  • This quiz has been taken 398 times
  • The average score is 11 of 16
Answer Stats
Picture Answer % Correct
Winston Churchill
99%
Boris Johnson
98%
Margaret Thatcher
98%
Theresa May
90%
Tony Blair
90%
David Cameron
89%
Nigel Farage
78%
Gordon Brown
76%
Jeremy Corbyn
73%
Sadiq Khan
65%
Nicola Sturgeon
63%
Ed Miliband
58%
Nick Clegg
48%
George Osborne
36%
Jo Swinson
32%
Anna Soubry
15%
No matching quizzes found
Score Distribution
Percent of People with Each Score
Percentile by Number Answered
Your Score History
You have not taken this quiz